Catálogo de la Biblioteca de la Escuela Superior de Ingenieros de Caminos Canales y Puertos. (Record no. 43420)

MARC details
000 -LEADER
campo de control de longitud fija 00667nam a2200181 i 4500
001 - NÚMERO DE CONTROL
campo de control 43420
003 - IDENTIFICADOR DE NÚMERO DE CONTROL
campo de control ES-MaACL
005 - FECHA Y HORA DE LA ÚLTIMA TRANSACCIÓN
campo de control 20230906160804.0
007 - CAMPO FIJO DE DESCRIPCIÓN FÍSICA--INFORMACIÓN GENERAL
campo de control de longitud fija t|
008 - DATOS DE LONGITUD FIJA--INFORMACIÓN GENERAL
campo de control de longitud fija 030317s1859 sp c |||| | spa d
080 ## - NÚMERO DE LA CLASIFICACIÓN DECIMAL UNIVERSAL
Número de la Clasificación Decimal Universal 0172(46.41)
110 2# - ENTRADA PRINCIPAL--NOMBRE DE ENTIDAD CORPORATIVA
Nombre de entidad corporativa o nombre de jurisdicción como elemento de entrada Escuela Superior de Ingenieros de Caminos Canales y Puertos.
9 (RLIN) 3599
245 10 - MENCIÓN DEL TÍTULO
Título Catálogo de la Biblioteca de la Escuela Superior de Ingenieros de Caminos Canales y Puertos.
Número de parte o sección de la obra 1.
260 ## - PUBLICACIÓN, DISTRIBUCIÓN, ETC.
Lugar de publicación, distribución, etc. Madrid :
Nombre del editor, distribuidor, etc. [s.n.],
Fecha de publicación, distribución, etc. 1859 (
Fabricante Imp. Nacional)
300 ## - DESCRIPCIÓN FÍSICA
Extensión 1 v. (560 p.) ;
Dimensiones 24 cm.
610 24 - PUNTO DE ACCESO ADICIONAL DE MATERIA--NOMBRE DE ENTIDAD CORPORATIVA
Nombre de entidad corporativa o nombre de jurisdicción como elemento de entrada Escuela Superior de Ingenieros de Caminos, Canales y Puertos.
Unidad subordinada Biblioteca-
Subdivisión de forma Catálogos .
9 (RLIN) 170633
852 ## - LOCALIZACIÓN
Ubicación ES-MaACL
Número de control de estantería D-2226
Holdings
Estatus retirado Estado de pérdida Estado de daño No para préstamo Colección Biblioteca de origen Biblioteca actual Ubicación en estantería Fecha de adquisición Fuente de adquisición Total de préstamos Signatura topográfica completa Código de barras Visto por última vez Precio de reemplazo Tipo de ítem Koha
        Libros del s. XIX Biblioteca del Ateneo de Madrid Biblioteca del Ateneo de Madrid Sala Valle Inclán 17/01/2008     D-2226 901045709 23/02/2023 23/02/2023 Libro impreso antiguo